[Event "St Veit op 43rd"]
[Site "St Veit"]
[Date "2024.07.11"]
[Round "7"]
[White "Abou Wally, Adrian"]
[Black "Hofbauer, Peter"]
[Result "1-0"]
[WhiteElo "1893"]
[BlackElo "1989"]
[PlyCount "80"]
[EventDate "2024.07.06"]
[EventType "swiss"]
[EventRounds "9"]
[EventCountry "AUT"]
[SourceTitle "CBM 221 Extra"]
[Source "ChessBase"]
[SourceDate "2024.09.30"]
[SourceVersion "1"]
[SourceVersionDate "2024.09.30"]
[SourceQuality "1"]

1. e4 Nf6 2. e5 Nd5 3. c4 Nb6 4. d4 d6 5. f4 dxe5 6. fxe5 Nc6 7. Be3 Bf5 8. Nc3 e6 9. Nf3 Be7 10. d5 exd5 11. cxd5 Nb4 12. Nd4 Bg6 13. Bb5+ Kf8 14. 0-0 Kg8 15. e6 N4xd5 16. Qb3 c5 17. exf7+ Bxf7 18. Nf5 Bf6 19. Nxd5 Bxd5 20. Qc2 Be6 21. Rad1 Qc7 22. Bxc5 Rc8 23. b4 Qe5 24. Nd6 Rc7 25. Rfe1 Qf4 26. Rxe6 g5 27. Rxf6 Qxf6 28. Bc4+ Nxc4 29. Qxc4+ Kg7 30. Bd4 Rxc4 31. Bxf6+ Kxf6 32. Nxc4 Rc8 33. Ne3 Ke6 34. Kf2 Rc6 35. Rd5 Ra6 36. Ra5 Rxa5 37. bxa5 Kd6 38. Kg3 h5 39. h4 gxh4+ 40. Kxh4 Kc5 1-0

[Event "St Veit op 43rd"]
[Site "St Veit"]
[Date "2024.07.09"]
[Round "5"]
[White "Gerhold, Michael"]
[Black "Hofbauer, Peter"]
[Result "1/2-1/2"]
[WhiteElo "2156"]
[BlackElo "1989"]
[PlyCount "81"]
[EventDate "2024.07.06"]
[EventType "swiss"]
[EventRounds "9"]
[EventCountry "AUT"]
[SourceTitle "CBM 221 Extra"]
[Source "ChessBase"]
[SourceDate "2024.09.30"]
[SourceVersion "1"]
[SourceVersionDate "2024.09.30"]
[SourceQuality "1"]

1. Nf3 d5 2. d4 Nf6 3. c4 e6 4. Nc3 Be7 5. Bg5 0-0 6. e3 b6 7. Rc1 Bb7 8. Bxf6 Bxf6 9. cxd5 exd5 10. Bd3 Nd7 11. Qc2 h6 12. Qb3 c5 13. Nxd5 cxd4 14. Be4 Bxd5 15. Qxd5 Rc8 16. 0-0 Rxc1 17. Rxc1 dxe3 18. fxe3 Nc5 19. b4 Na4 20. Qb3 b5 21. Bf5 Nb6 22. Rc5 a6 23. Rc6 Re8 24. h3 Qd5 25. Rxb6 Qxf5 26. Rxa6 Rc8 27. Rd6 Rc3 28. Qd5 Qb1+ 29. Kh2 Qxb4 30. Rb6 Rc8 31. Rxb5 Qe7 32. e4 Rd8 33. Qc6 g6 34. e5 Bg7 35. a4 Qe8 36. Qc4 Rc8 37. Qe4 Qe6 38. a5 Rc4 39. Qa8+ Kh7 40. Qb8 Qf5 41. Rb1 1/2-1/2

[Event "St Veit op 43rd"]
[Site "St Veit"]
[Date "2024.07.08"]
[Round "4"]
[White "Hofbauer, Peter"]
[Black "Bruhn, Peter"]
[Result "1-0"]
[WhiteElo "1989"]
[BlackElo "1933"]
[PlyCount "75"]
[EventDate "2024.07.06"]
[EventType "swiss"]
[EventRounds "9"]
[EventCountry "AUT"]
[SourceTitle "CBM 221 Extra"]
[Source "ChessBase"]
[SourceDate "2024.09.30"]
[SourceVersion "1"]
[SourceVersionDate "2024.09.30"]
[SourceQuality "1"]

1. e4 g6 2. d4 Bg7 3. Nc3 d6 4. f4 a6 5. Nf3 b5 6. a3 Nd7 7. e5 c5 8. Be3 cxd4 9. Bxd4 dxe5 10. fxe5 Nf8 11. e6 Nxe6 12. Bxg7 Qxd1+ 13. Rxd1 Nxg7 14. Nxb5 Ne6 15. Nbd4 Nxd4 16. Rxd4 Bb7 17. Be2 Nf6 18. 0-0 0-0 19. Ne5 Rfd8 20. Rfd1 Rxd4 21. Rxd4 a5 22. c4 Ra6 23. Nd7 Re6 24. Nxf6+ exf6 25. Bd1 Ba6 26. Kf2 Rc6 27. Be2 Rb6 28. b4 axb4 29. c5 Re6 30. Bxa6 Rxa6 31. axb4 Ra2+ 32. Kf3 Rc2 33. Ke4 Kf8 34. Kd5 Ke7 35. Kc6 Rxg2 36. b5 Rb2 37. b6 f5 38. Kc7 1-0

[Event "AUT-chT2O 2223"]
[Site "Austria"]
[Date "2022.10.15"]
[Round "1.2"]
[White "Anastasakis, Georgios"]
[Black "Hofbauer, Peter"]
[Result "1/2-1/2"]
[WhiteElo "1877"]
[BlackElo "1962"]
[PlyCount "117"]
[EventDate "2022.10.15"]
[EventType "team-tourn"]
[EventRounds "11"]
[EventCountry "AUT"]
[SourceTitle "EXT 2024"]
[Source "ChessBase"]
[SourceDate "2023.10.10"]
[SourceVersion "1"]
[SourceVersionDate "2023.10.10"]
[SourceQuality "1"]
[WhiteTeam "Wien Austria"]
[BlackTeam "Donaustadt"]
[WhiteTeamCountry "AUT"]
[BlackTeamCountry "AUT"]

1. e4 Nf6 2. e5 Nd5 3. d4 d6 4. Nf3 Bg4 5. Bc4 e6 6. 0-0 Nc6 7. Re1 Bxf3 8. Qxf3 Nxd4 9. Qe4 dxe5 10. Qxe5 Nb6 11. Bd3 Qd6 12. Qe4 0-0-0 13. Bf4 Qc6 14. Qe3 Bc5 15. Qd2 Nd5 16. Bg3 Nb4 17. Be4 Qa6 18. Qg5 f5 19. c3 Ne2+ 20. Kh1 Nxg3+ 21. Qxg3 fxe4 22. cxb4 Bxb4 23. Nc3 Bxc3 24. Qxc3 Qc6 25. Qxc6 bxc6 26. Rxe4 Rd2 27. Rxe6 Rxf2 28. Rxc6 Rxb2 29. Rac1 Rb7 30. h4 Re8 31. R1c3 Re7 32. Kh2 Rb6 33. R6c4 Kb7 34. a4 Rb2 35. Kh3 h6 36. h5 a6 37. g4 Rbe2 38. Kg3 R2e3+ 39. Rxe3 Rxe3+ 40. Kf4 Re7 41. a5 c6 42. Rb4+ Kc7 43. Rb6 Kd6 44. Rxa6 Kd5 45. Ra8 c5 46. a6 Kc6 47. Rc8+ Kb5 48. Ra8 Kb6 49. Rc8 Ra7 50. Ke5 Rxa6 51. Kd5 Ra4 52. Rc6+ Kb7 53. Rxc5 Rxg4 54. Ke6 Kb6 55. Rf5 Kc6 56. Rf1 Re4+ 57. Kf7 Re5 58. Kxg7 Rxh5 59. Rf6+ 1/2-1/2

[Event "St Veit op 41st"]
[Site "St Veit"]
[Date "2022.07.10"]
[Round "2"]
[White "Hofbauer, Peter"]
[Black "Gschiel, Alexander"]
[Result "0-1"]
[WhiteElo "1986"]
[BlackElo "2215"]
[PlyCount "82"]
[EventDate "2022.07.09"]
[EventType "swiss"]
[EventRounds "9"]
[EventCountry "AUT"]
[SourceTitle "CBM 209 Extra"]
[Source "ChessBase"]
[SourceDate "2022.09.30"]
[SourceVersion "1"]
[SourceVersionDate "2022.09.30"]
[SourceQuality "1"]

1. e4 c6 2. d4 d5 3. Nc3 dxe4 4. Nxe4 Nf6 5. Nxf6+ exf6 6. Nf3 Bd6 7. Be2 0-0 8. 0-0 Re8 9. b3 Nd7 10. Bb2 Nf8 11. Nd2 Bc7 12. Bf3 Ne6 13. Re1 Ng5 14. Rxe8+ Qxe8 15. Be2 Qe7 16. Nf1 Bf5 17. Bd3 Qe6 18. Qd2 Bg4 19. Re1 Qd5 20. Qe3 Ne6 21. h3 Bh5 22. Ng3 Bg6 23. Bxg6 hxg6 24. c4 Qa5 25. a4 Rd8 26. Rb1 Bf4 27. Qd3 Qb6 28. Ne2 Be5 29. a5 Qxa5 30. Qe4 Bc7 31. Qc2 Qg5 32. b4 f5 33. b5 f4 34. f3 cxb5 35. d5 Nc5 36. Qc3 f6 37. cxb5 Qxd5 38. Qc2 Kh7 39. Bd4 Bb6 40. Kf1 Ne6 41. Bxb6 axb6 0-1

[Event "St Veit op-A 38th"]
[Site "St Veit"]
[Date "2019.07.07"]
[Round "3"]
[White "Praznik, Anton"]
[Black "Hofbauer, Peter"]
[Result "1-0"]
[WhiteElo "2166"]
[BlackElo "2048"]
[PlyCount "63"]
[EventDate "2019.07.06"]
[EventType "swiss"]
[EventRounds "9"]
[EventCountry "AUT"]
[SourceTitle "EXT 2020"]
[Source "ChessBase"]
[SourceDate "2019.10.17"]
[SourceVersion "1"]
[SourceVersionDate "2019.10.17"]
[SourceQuality "1"]

1. e4 d6 2. d4 Nf6 3. Nc3 g6 4. g3 Bg7 5. Bg2 0-0 6. Nge2 Nbd7 7. h3 c5 8. Be3 a6 9. a4 Qc7 10. 0-0 cxd4 11. Nxd4 Nc5 12. g4 e5 13. Nb3 Nxb3 14. cxb3 Be6 15. a5 h5 16. g5 Nh7 17. h4 f6 18. Nd5 Bxd5 19. Qxd5+ Kh8 20. Rac1 Qd7 21. f3 fxg5 22. hxg5 Rf4 23. Bxf4 exf4 24. Rfd1 Rd8 25. Rc4 Be5 26. Rb4 Qe7 27. Rxb7 Qxg5 28. Ra7 h4 29. Qf7 Qh5 30. Rxd6 Rf8 31. Qe7 h3 32. Rd8 1-0

[Event "AUT-chT2O 1819"]
[Site "Austria"]
[Date "2019.01.13"]
[Round "7.2"]
[White "Djeno, Drago"]
[Black "Hofbauer, Peter"]
[Result "1-0"]
[WhiteElo "2253"]
[BlackElo "2072"]
[PlyCount "87"]
[EventDate "2018.10.06"]
[EventType "team-tourn"]
[EventRounds "11"]
[EventCountry "AUT"]
[SourceTitle "CBM 189 Extra"]
[Source "ChessBase"]
[SourceDate "2019.05.31"]
[SourceVersion "1"]
[SourceVersionDate "2019.05.31"]
[SourceQuality "1"]
[WhiteTeam "Hietzing"]
[BlackTeam "Donaustadt"]
[WhiteTeamCountry "AUT"]
[BlackTeamCountry "AUT"]

1. c4 c6 2. Nf3 d5 3. b3 Nf6 4. g3 Bf5 5. Bg2 e6 6. Bb2 Nbd7 7. Nh4 Be4 8. Nf3 Bd6 9. d3 Bb4+ 10. Nbd2 Bxf3 11. Bxf3 Qa5 12. a3 Bxd2+ 13. Qxd2 Qxd2+ 14. Kxd2 0-0 15. Rab1 e5 16. Rhc1 e4 17. Bg2 exd3 18. cxd5 cxd5 19. Kxd3 Rac8 20. Bd4 b6 21. b4 Ng4 22. f4 h5 23. Bxd5 Nxh2 24. Rh1 Ng4 25. Rxh5 Ndf6 26. Rg5 Rfd8 27. e4 Rd6 28. Rh1 Rcd8 29. Rh4 Nxd5 30. Rxg7+ Kf8 31. Rh8+ Ke7 32. Rxd8 Rxd8 33. exd5 Nh6 34. Ke4 Kf8 35. Rh7 f5+ 36. Ke5 Nf7+ 37. Kxf5 Rxd5+ 38. Be5 Nxe5 39. fxe5 Rd3 40. Rxa7 Rxg3 41. Kf6 Rf3+ 42. Ke6 Rh3 43. Ra8+ Kg7 44. Ke7 1-0

[Event "AUT-chT2O 1819"]
[Site "Austria"]
[Date "2018.10.06"]
[Round "1.6"]
[White "Riemelmoser, Stefan"]
[Black "Hofbauer, Peter"]
[Result "1-0"]
[WhiteElo "2055"]
[BlackElo "2072"]
[PlyCount "65"]
[EventDate "2018.10.06"]
[EventType "team-tourn"]
[EventRounds "11"]
[EventCountry "AUT"]
[SourceTitle "CBM 186 Extra"]
[Source "ChessBase"]
[SourceDate "2018.08.24"]
[SourceVersion "1"]
[SourceVersionDate "2018.08.24"]
[SourceQuality "1"]
[WhiteTeam "Tschaturanga"]
[BlackTeam "Donaustadt"]
[WhiteTeamCountry "AUT"]
[BlackTeamCountry "AUT"]

1. e4 d6 2. d4 Nf6 3. Nc3 g6 4. f3 Bg7 5. Be3 Nbd7 6. Qd2 h5 7. h4 b6 8. 0-0-0 Bb7 9. Kb1 a6 10. Nh3 b5 11. Ng5 Nb6 12. Qe1 Qc8 13. e5 Nfd5 14. e6 f6 15. Nf7 Qxe6 16. Nxh8 Bxh8 17. Bd2 Qf7 18. Nxd5 Bxd5 19. b3 f5 20. Bc3 Bf6 21. Rh3 Qg7 22. Qd2 Nd7 23. Be2 Nf8 24. g4 Qf7 25. g5 Bh8 26. f4 Ne6 27. Bf3 Bxf3 28. Rxf3 d5 29. Re1 a5 30. Rfe3 Ra6 31. Qe2 Rc6 32. Rxe6 Rxe6 33. Qxe6 1-0

[Event "AUT-chT2O 1718"]
[Site "Austria"]
[Date "2017.10.22"]
[Round "2.6"]
[White "Plank, Franz"]
[Black "Hofbauer, Peter"]
[Result "1/2-1/2"]
[WhiteElo "2189"]
[BlackElo "2044"]
[PlyCount "148"]
[EventDate "2017.10.21"]
[EventType "team-tourn"]
[EventRounds "11"]
[EventCountry "AUT"]
[SourceTitle "CBM 181 Extra"]
[Source "ChessBase"]
[SourceDate "2017.12.12"]
[SourceVersion "1"]
[SourceVersionDate "2017.12.12"]
[SourceQuality "1"]
[WhiteTeam "Ottakring II"]
[BlackTeam "Donaustadt"]
[WhiteTeamCountry "AUT"]
[BlackTeamCountry "AUT"]

1. e4 d6 2. c4 e5 3. d4 exd4 4. Qxd4 Nc6 5. Qd2 Nf6 6. Nc3 Be7 7. Nf3 0-0 8. Be2 Re8 9. Nd4 Nd7 10. f3 Nxd4 11. Qxd4 c6 12. Be3 Nf8 13. 0-0 b6 14. Rad1 Bb7 15. Qd2 Qc7 16. Bf4 Rad8 17. b4 Qc8 18. b5 c5 19. Nd5 Bxd5 20. exd5 Bf6 21. Bd3 Bd4+ 22. Kh1 Ng6 23. Bxg6 hxg6 24. Rfe1 Rxe1+ 25. Rxe1 Qf5 26. Re4 f6 27. Qe2 Be5 28. Bd2 g5 29. g3 Qh3 30. Qg2 Qh7 31. Kg1 Qg6 32. Qf1 f5 33. Re1 g4 34. Qd3 Qh5 35. Rf1 Bd4+ 36. Kh1 Re8 37. Bf4 Be5 38. fxg4 fxg4 39. Bd2 Rf8 40. Rxf8+ Kxf8 41. Bc1 Qf7 42. Kg2 Qf6 43. Qe4 Bd4 44. Qf4 Kf7 45. h3 gxh3+ 46. Kxh3 Be5 47. Qxf6+ gxf6 48. g4 Kg6 49. Kg2 f5 50. Kf3 Bf6 51. Bd2 Be7 52. a4 Bd8 53. Bf4 Bc7 54. Kg3 Kf6 55. Kf3 Kg6 56. Bg3 Kg5 57. Bf4+ Kf6 58. Bd2 fxg4+ 59. Kf4 g3 60. Bc3+ Ke7 61. Kxg3 Kd7 62. Kf4 Bb8 63. Kf5 Bc7 64. Kf6 Bb8 65. Kf7 Bc7 66. Bd2 Bb8 67. a5 Bc7 68. a6 Bb8 69. Bg5 Bc7 70. Be7 Bb8 71. Bf8 Bc7 72. Be7 Bb8 73. Bf8 Bc7 74. Be7 Bb8 1/2-1/2

[Event "Donau op 25th"]
[Site "Aschach"]
[Date "2016.12.26"]
[Round "1"]
[White "Istratescu, Andrei"]
[Black "Hofbauer, Peter"]
[Result "1-0"]
[WhiteElo "2596"]
[BlackElo "2061"]
[PlyCount "43"]
[EventDate "2016.12.26"]
[EventType "swiss"]
[EventRounds "7"]
[EventCountry "AUT"]
[SourceTitle "CBM 176 Extra"]
[Source "ChessBase"]
[SourceDate "2017.03.02"]
[SourceVersion "1"]
[SourceVersionDate "2017.03.02"]
[SourceQuality "1"]

1. d4 d5 2. c4 e6 3. Nc3 Nf6 4. Bg5 Be7 5. e3 0-0 6. Nf3 Nbd7 7. Qc2 c5 8. cxd5 exd5 9. Bb5 cxd4 10. Nxd4 Nc5 11. Rd1 Nce4 12. Nxe4 dxe4 13. Nc6 bxc6 14. Rxd8 Rxd8 15. Bxf6 gxf6 16. Qxe4 Be6 17. Bc4 Bb4+ 18. Ke2 Rd2+ 19. Kf3 Bxc4 20. Qxc4 Rxb2 21. Qg4+ Kh8 22. Qd4 1-0

[Event "St Veit op-B 34th"]
[Site "St Veit"]
[Date "2015.07.16"]
[Round "7.4"]
[White "Granabetter, Josef"]
[Black "Hofbauer, Peter"]
[Result "0-1"]
[WhiteElo "1884"]
[BlackElo "2054"]
[PlyCount "38"]
[EventDate "2015.07.11"]
[EventType "swiss"]
[EventRounds "9"]
[EventCountry "AUT"]
[SourceTitle "EXT 2024"]
[Source "ChessBase"]
[SourceDate "2023.10.10"]
[SourceVersion "1"]
[SourceVersionDate "2023.10.10"]
[SourceQuality "1"]

1. Nf3 Nf6 2. g3 d5 3. Bg2 Nc6 4. d4 Bf5 5. 0-0 e6 6. c3 Be7 7. Nbd2 0-0 8. h3 h6 9. Re1 b5 10. Ne5 Nxe5 11. dxe5 Nd7 12. Nf3 c5 13. g4 Be4 14. Bf4 Rc8 15. Qd2 Bxf3 16. Bxf3 Bg5 17. e4 Nxe5 18. Bg2 Bxf4 19. Qxf4 Nd3 0-1

[Event "St Veit op-B 34th"]
[Site "St Veit"]
[Date "2015.07.14"]
[Round "5.2"]
[White "Charaus, Florian"]
[Black "Hofbauer, Peter"]
[Result "1-0"]
[WhiteElo "1898"]
[BlackElo "2054"]
[PlyCount "96"]
[EventDate "2015.07.11"]
[EventType "swiss"]
[EventRounds "9"]
[EventCountry "AUT"]
[SourceTitle "EXT 2024"]
[Source "ChessBase"]
[SourceDate "2023.10.10"]
[SourceVersion "1"]
[SourceVersionDate "2023.10.10"]
[SourceQuality "1"]

1. d4 d5 2. c4 e6 3. Nc3 Nf6 4. cxd5 exd5 5. Bg5 Be7 6. e3 0-0 7. Bd3 b6 8. Bxf6 Bxf6 9. Qh5 g6 10. Qxd5 c6 11. Qxd8 Rxd8 12. Nf3 Na6 13. 0-0 Nc7 14. Rac1 Bd7 15. b4 Rac8 16. Rb1 Bg4 17. Rfc1 Bxf3 18. gxf3 Be7 19. Bc4 Nd5 20. Bxd5 cxd5 21. Kg2 Kf8 22. a3 a5 23. Na4 Rxc1 24. Rxc1 axb4 25. axb4 b5 26. Nc5 Ra8 27. Rc2 Ke8 28. Kg3 Ra1 29. Kg2 Rb1 30. Na6 Bd6 31. Rc6 Kd7 32. Rb6 h5 33. e4 dxe4 34. fxe4 Bf4 35. Nc5+ Ke7 36. Rxb5 g5 37. Nd3 Bd2 38. Rb7+ Kf8 39. Ne5 Rxb4 40. Rxf7+ Kg8 41. Rd7 Bc3 42. Nc6 Rb2 43. Ne7+ Kf8 44. Nf5 Be1 45. Kf1 Bxf2 46. e5 Ke8 47. e6 Bxd4 48. Ng7+ Kf8 1-0

[Event "St Veit op-B 34th"]
[Site "St Veit"]
[Date "2015.07.11"]
[Round "1.3"]
[White "Hofbauer, Peter"]
[Black "Heindl, Matthias"]
[Result "1-0"]
[WhiteElo "2054"]
[BlackElo "1796"]
[PlyCount "151"]
[EventDate "2015.07.11"]
[EventType "swiss"]
[EventRounds "9"]
[EventCountry "AUT"]
[SourceTitle "EXT 2024"]
[Source "ChessBase"]
[SourceDate "2023.10.10"]
[SourceVersion "1"]
[SourceVersionDate "2023.10.10"]
[SourceQuality "1"]

1. e4 b6 2. d4 Bb7 3. Nc3 e6 4. Nf3 Bb4 5. Bd3 Nf6 6. Qe2 d5 7. e5 Ne4 8. Bd2 Nxd2 9. Qxd2 Nd7 10. 0-0 c5 11. Qf4 h6 12. Nb5 c4 13. Be2 g5 14. Qg4 a6 15. Nc3 Be7 16. h4 h5 17. Qg3 g4 18. Ng5 Bxg5 19. hxg5 Qxg5 20. Rae1 0-0-0 21. Bd1 Rdg8 22. Qe3 Qg7 23. g3 Qh7 24. Kg2 Rg6 25. Rh1 Nf8 26. Rh2 Rh6 27. Reh1 Qf5 28. Ne2 Qe4+ 29. Kf1 Qf5 30. Qf4 Qg6 31. Nc3 R6h7 32. Ke1 Nd7 33. Ne2 f6 34. c3 fxe5 35. dxe5 Rf8 36. Qd4 Qf5 37. Nf4 Rfh8 38. Kd2 Nxe5 39. Re1 Nc6 40. Qxb6 e5 41. Bc2 e4 42. Qc5 Rd7 43. Kc1 Qf7 44. Reh1 Kb8 45. Rxh5 Rxh5 46. Rxh5 Nd8 47. Rh8 Qf6 48. Rf8 Qh6 49. Rg8 Qd6 50. Qxd6+ Rxd6 51. Rxg4 Kc7 52. Ne2 Rf6 53. Rf4 Rh6 54. Nd4 Bc8 55. Kd2 Rh1 56. Bd1 Bd7 57. Rf6 a5 58. b3 cxb3 59. Bxb3 Bg4 60. Bxd5 Rd1+ 61. Ke3 Rd3+ 62. Kf4 Bh3 63. Bxe4 Rd2 64. f3 Rxa2 65. g4 a4 66. g5 a3 67. Nb5+ Kd7 68. Ra6 Ne6+ 69. Ke5 Nxg5 70. Ra7+ Kd8 71. Bd5 Rb2 72. Nxa3 Bd7 73. f4 Re2+ 74. Kd6 Ne4+ 75. Bxe4 Rxe4 76. Rxd7+ 1-0

[Event "Styrian op-A"]
[Site "Bad Gleichenberg"]
[Date "2014.07.08"]
[Round "4"]
[White "Novkovic, Julia"]
[Black "Hofbauer, Peter"]
[Result "0-1"]
[WhiteElo "2142"]
[BlackElo "2061"]
[PlyCount "112"]
[EventDate "2014.07.05"]
[EventType "swiss"]
[EventRounds "9"]
[EventCountry "AUT"]
[SourceTitle "CBM 161 Extra"]
[Source "ChessBase"]
[SourceDate "2014.08.29"]
[SourceVersion "1"]
[SourceVersionDate "2014.08.29"]
[SourceQuality "1"]

1. e4 d6 2. d4 Nf6 3. Nc3 g6 4. Be3 Bg7 5. f3 c6 6. Qd2 0-0 7. 0-0-0 Nbd7 8. g4 e5 9. dxe5 dxe5 10. h4 h5 11. g5 Nh7 12. Bh3 Qe7 13. Qf2 b6 14. Nge2 Re8 15. Ng3 Ndf8 16. Nf5 Bxf5 17. exf5 gxf5 18. Bxf5 Rad8 19. Be4 Qe6 20. b3 Ng6 21. Ne2 Nhf8 22. Ng3 Nf4 23. Nf5 N8g6 24. Nxg7 Kxg7 25. Kb2 Rh8 26. Rxd8 Rxd8 27. Qf1 Qd6 28. Qc4 c5 29. Qa6 Ng2 30. Qe2 Nxe3 31. Qxe3 Qd4+ 32. Qxd4 exd4 33. Kc1 Nf4 34. Kd2 Rd6 35. Rg1 b5 36. Bd3 Nxd3 37. Kxd3 Re6 38. Kd2 Re3 39. g6 f6 40. Rg3 c4 41. a4 c3+ 42. Kd1 b4 43. Rg1 Rxf3 44. Ke2 Rh3 45. a5 Rxh4 46. Kd3 Rg4 47. Re1 Rg2 48. Kxd4 Rxc2 49. Kc4 Rd2 50. Kxb4 c2 51. Kc3 Re2 52. Rg1 h4 53. Kd3 Rg2 54. Re1 h3 55. b4 h2 56. Re7+ Kxg6 0-1

[Event "Styrian op-A"]
[Site "Bad Gleichenberg"]
[Date "2014.07.06"]
[Round "2"]
[White "Weiss, Leo"]
[Black "Hofbauer, Peter"]
[Result "1/2-1/2"]
[WhiteElo "2160"]
[BlackElo "2061"]
[PlyCount "117"]
[EventDate "2014.07.05"]
[EventType "swiss"]
[EventRounds "9"]
[EventCountry "AUT"]
[SourceTitle "CBM 161 Extra"]
[Source "ChessBase"]
[SourceDate "2014.08.29"]
[SourceVersion "1"]
[SourceVersionDate "2014.08.29"]
[SourceQuality "1"]

1. e4 d6 2. d4 e5 3. Nf3 Bg4 4. dxe5 Bxf3 5. gxf3 dxe5 6. Qxd8+ Kxd8 7. Bc4 f6 8. Nc3 Nc6 9. Be3 a6 10. 0-0-0+ Bd6 11. Rd2 Ke8 12. Rhd1 Rd8 13. a3 Nge7 14. h4 h5 15. Rg1 Kf8 16. Be6 Nd4 17. Bxd4 exd4 18. Ne2 c5 19. f4 Bc7 20. Kb1 b5 21. f5 Rh6 22. f4 g6 23. b4 cxb4 24. axb4 gxf5 25. exf5 Rh7 26. Nxd4 Bxf4 27. Rd3 Be3 28. Rgd1 Bxd4 29. Rxd4 Rxd4 30. Rxd4 Nc6 31. Rd6 Rc7 32. Bd5 Nxb4 33. Rxf6+ Ke8 34. Bf3 Rxc2 35. Bxh5+ Ke7 36. Re6+ Kd7 37. Bg4 Rg2 38. Rg6 Ke7 39. h5 Kf7 40. h6 Rg1+ 41. Kb2 Nd3+ 42. Kc3 Ne5 43. Rxa6 Rxg4 44. Rb6 Rh4 45. Rxb5 Kf6 46. Rb6+ Kxf5 47. Ra6 Ng6 48. Ra5+ Kf6 49. Ra6+ Kg5 50. Ra5+ Kxh6 51. Rb5 Nf4 52. Ra5 Kg6 53. Rb5 Kf6 54. Ra5 Ke6 55. Ra6+ Ke5 56. Ra8 Nd5+ 57. Kd2 Rh3 58. Rg8 Nf6 59. Rf8 1/2-1/2

[Event "Styrian op-A"]
[Site "Bad Gleichenberg"]
[Date "2013.07.11"]
[Round "6"]
[White "Wetscherek, Gerhard"]
[Black "Hofbauer, Peter"]
[Result "1-0"]
[WhiteElo "2149"]
[BlackElo "2060"]
[PlyCount "105"]
[EventDate "2013.07.06"]
[EventType "swiss"]
[EventRounds "9"]
[EventCountry "AUT"]
[SourceTitle "CBM 155 Extra"]
[Source "ChessBase"]
[SourceDate "2013.08.26"]
[SourceVersion "1"]
[SourceVersionDate "2013.08.26"]
[SourceQuality "1"]

1. e4 Nf6 2. e5 Nd5 3. d4 d6 4. Nf3 dxe5 5. dxe5 Nc6 6. Bb5 Bg4 7. 0-0 e6 8. Qe2 Bc5 9. a3 0-0 10. Bxc6 bxc6 11. Qc4 Bxf3 12. Qxc5 Bh5 13. Qxc6 Qh4 14. Nc3 Qd4 15. Nxd5 Qxd5 16. Qxd5 exd5 17. Be3 a6 18. Rfe1 Rfe8 19. Bd4 Bg4 20. Re3 h5 21. Rae1 Rec8 22. Rc3 c6 23. Rc5 Rab8 24. c4 dxc4 25. Rxc4 Be6 26. Rc5 Rb5 27. Rec1 Rxc5 28. Bxc5 Rd8 29. Bd6 Bd5 30. f4 Rd7 31. b4 Kh7 32. Rc3 g6 33. Kf2 Ra7 34. Rc5 Be4 35. g3 Rd7 36. Ke3 Bg2 37. Rc2 Bh1 38. Rc5 Bg2 39. Ra5 Bf1 40. Kd4 Rb7 41. a4 Kg7 42. Kc5 Rd7 43. Kxc6 Rd8 44. b5 axb5 45. axb5 Rc8+ 46. Bc7 Bg2+ 47. Kd7 Bh3+ 48. Kd6 Bg2 49. b6 Re8 50. Kc5 Re7 51. Ra2 Bf3 52. Rd2 f6 53. exf6+ 1-0

[Event "Styrian op-A"]
[Site "Bad Gleichenberg"]
[Date "2013.07.06"]
[Round "1"]
[White "Schachinger, Mario"]
[Black "Hofbauer, Peter"]
[Result "1-0"]
[WhiteElo "2401"]
[BlackElo "2060"]
[PlyCount "83"]
[EventDate "2013.07.06"]
[EventType "swiss"]
[EventRounds "9"]
[EventCountry "AUT"]
[SourceTitle "CBM 155 Extra"]
[Source "ChessBase"]
[SourceDate "2013.08.26"]
[SourceVersion "1"]
[SourceVersionDate "2013.08.26"]
[SourceQuality "1"]

1. d4 d5 2. c4 e6 3. Nf3 Nf6 4. g3 Be7 5. Bg2 0-0 6. 0-0 Nbd7 7. Qc2 dxc4 8. Qxc4 c5 9. dxc5 Bxc5 10. Nc3 Qe7 11. Bg5 h6 12. Bxf6 Nxf6 13. Rac1 Bb6 14. Na4 Bd8 15. Ne5 Nd7 16. Nxd7 Bxd7 17. Bxb7 Rb8 18. Bc6 Rc8 19. Qa6 Bb6 20. Bxd7 Qxd7 21. Nxb6 axb6 22. Rxc8 Rxc8 23. Qxb6 Qd2 24. Qb5 Rc2 25. Rb1 g6 26. a4 Qd4 27. a5 Rc5 28. Qb6 Qe4 29. Re1 Qd5 30. Qb8+ Kg7 31. a6 Ra5 32. a7 Qa2 33. Rc1 Rxa7 34. Qe5+ Kh7 35. Rc8 f6 36. Qxf6 Qb1+ 37. Kg2 Qe4+ 38. Qf3 Qd4 39. Rb8 Rg7 40. Rb7 h5 41. Rxg7+ Kxg7 42. Qc3 1-0

[Event "Vienna Husek op-A"]
[Site "Vienna"]
[Date "2012.08.18"]
[Round "6"]
[White "Hofbauer, Peter"]
[Black "Dodu, Iulian Laurentiu"]
[Result "1-0"]
[WhiteElo "2047"]
[BlackElo "1839"]
[PlyCount "49"]
[EventDate "2012.08.13"]
[EventType "swiss"]
[EventRounds "7"]
[EventCountry "AUT"]
[SourceTitle "EXT 2014"]
[Source "ChessBase"]
[SourceDate "2013.11.20"]
[SourceVersion "1"]
[SourceVersionDate "2013.11.20"]
[SourceQuality "1"]

1. e4 e5 2. Nf3 Nc6 3. d4 exd4 4. Nxd4 Nf6 5. Nxc6 bxc6 6. e5 Qe7 7. Qe2 Nd5 8. c4 Ba6 9. Bd2 Rb8 10. Bc3 Nxc3 11. bxc3 g6 12. Nd2 Bg7 13. f4 0-0 14. Nb3 d5 15. Qe3 Bxc4 16. Bxc4 dxc4 17. Nd4 Qa3 18. 0-0 c5 19. Nc6 Rb2 20. f5 gxf5 21. Rxf5 Rxg2+ 22. Kxg2 Qb2+ 23. Qf2 Qxa1 24. Rg5 Re8 25. Qg3 1-0

[Event "Vienna Husek op-A"]
[Site "Vienna"]
[Date "2012.08.17"]
[Round "5"]
[White "Pallitsch, Clemens"]
[Black "Hofbauer, Peter"]
[Result "1/2-1/2"]
[WhiteElo "2118"]
[BlackElo "2047"]
[PlyCount "132"]
[EventDate "2012.08.13"]
[EventType "swiss"]
[EventRounds "7"]
[EventCountry "AUT"]
[SourceTitle "EXT 2014"]
[Source "ChessBase"]
[SourceDate "2013.11.20"]
[SourceVersion "1"]
[SourceVersionDate "2013.11.20"]
[SourceQuality "1"]

1. d4 d5 2. c4 e6 3. Nf3 Nf6 4. Nc3 Be7 5. g3 0-0 6. Bg2 c6 7. 0-0 b6 8. Ne5 Bb7 9. e4 Nbd7 10. exd5 cxd5 11. Re1 Rc8 12. Qa4 Nxe5 13. dxe5 Bc6 14. Qd1 Ne4 15. Nxe4 dxe4 16. Bf4 Qxd1 17. Raxd1 Rfd8 18. Rxd8+ Rxd8 19. Bxe4 Bxe4 20. Rxe4 Rd1+ 21. Kg2 Bc5 22. Re2 Kf8 23. b3 Ke7 24. Kf3 Bd4 25. Ke4 Bc3 26. Be3 Kd7 27. f4 g6 28. Rc2 Bb4 29. c5 Ba5 30. a3 bxc5 31. Bxc5 a6 32. b4 Bd8 33. Rc3 Rd2 34. Rd3+ Rxd3 35. Kxd3 Kc6 36. Kc4 h5 37. h3 Bc7 38. a4 Bd8 39. b5+ axb5+ 40. axb5+ Kb7 41. g4 hxg4 42. hxg4 Ba5 43. Kd4 Bd2 44. Ke4 Ba5 45. f5 gxf5+ 46. gxf5 Bd2 47. Bd4 Bg5 48. f6 Bd2 49. Kd3 Bb4 50. Kc4 Ba3 51. Kb3 Bc1 52. Kb4 Kc7 53. Ka5 Kb7 54. b6 Ba3 55. Kb5 Bf8 56. Bc5 Bh6 57. Kc4 Kc6 58. Kd4 Bc1 59. Ke4 Bd2 60. Bd4 Bc1 61. Kf3 Bd2 62. Kg4 Bc1 63. Bf2 Bd2 64. Kf3 Bc3 65. Kf4 Bb2 66. Bg3 Bc1+ 1/2-1/2